Zwycięzcy turniejów wielkoszlemowych 2011-2020 - zdjęcia. - Statystyki

Ogólne statystyki
  • Ten quiz został rozwiązany 25 razy
  • Średni wynik to 6 z 7
Statystyki odpowiedzi
Obrazkowy Odpowiedź % Poprawnych
Andy Murray
100%
Novak Djokovic
100%
Rafael Nadal
100%
Roger Federer
100%
Stan Wawrinka
95%
Marin Cilic
70%
Dominic Thiem
60%
Nie znaleziono quizów pasujących do podanych kryteriów
Rozkład punktacji
Procent ludzi z każdym wynikiem
Percentyl według liczby udzielonych odpowiedzi
Twoja historia wyników
Nie rozwiązałeś tego quizu